Cuestiúnculas gongorinas /

Guardat en:
Dades bibliogràfiques
Autor principal: Méndez Plancarte, Alfonso (autor)
Altres autors: Junco, Alfonso (prólogo) (prólogo)
Format: Llibre
Idioma:espanyol
Publicat: México : Andrea, 1955, c1955
Col·lecció:(Studium 8)
Matèries:
Etiquetes: Afegir etiqueta
Sense etiquetes, Sigues el primer a etiquetar aquest registre!

MARC

LEADER 00000nam^a2200000^a^4500
001 000157838
005 20250521000000.0
009 20260310100552.952
037 |a Acervo ITESO - Biblioteca 
041 |a ESP 
082 |a 860. 94604  |b MEN 
100 |a Méndez Plancarte, Alfonso  |e (autor) 
245 1 0 |a Cuestiúnculas gongorinas /  |c A. Méndez Plancarte ; pról. de A. Junco. 
264 4 |a México :  |b Andrea,  |c 1955, c1955 
300 |a 95 p. 
336 |a texto  |b txt  |2 rdacontenido 
337 |a sin mediación  |b n  |2 rdamedio 
338 |a volumen  |b nc  |2 rdasoporte 
440 1 |a (Studium  |v 8) 
545 0 |a Luis de Góngora y Argote (Córdoba, 1561-1627), poeta español perteneciente al Siglo de Oro, cuya obra se caracteriza por el uso de metáforas insólitas, figuras retóricas rebuscadas y voces latinas en desuso. Góngora es el creador del llamado culteranismo o gongorismo, corriente que polemizó con el conceptismo de Francisco de Quevedo; al margen de la polémica, ambos constituyen los máximos representantes de la literatura barroca en España. Las obras mayores de Góngora son La fábula de Polifemo y Galatea, Las soledades y el Panegírico al Duque de Lerma; y tiene otros textos menores, como Angélica y Medoro, El doctor Carlino y Las firmezas de Isabela. 
649 |a XX 
650 |a Poesía Española -  |x Historia y Crítica 
650 |a Literatura Española -  |y Epoca Clásica, 1500-1700 
650 |a Literatura Española -  |x Historia y Crítica 
650 |a Góngora y Argote, Luis de 
700 |a Junco, Alfonso  |e (prólogo) 
910 |a Fondo Salvador Reynoso Reynoso 
920 |a Impresos - Libros 
930 |a Fondos Especiales 
940 |a Literatura 
905 |a 112 
901 |a 0800016314  |b IT2  |c ESP  |u 20250521 
902 |a https://opac.biblio.iteso.mx/vufind/Record/000157838